| 000 | 00958nam a22002897a 4500 | ||
|---|---|---|---|
| 001 | 57972 | ||
| 003 | DO-SdBNP | ||
| 005 | 20180205121314.0 | ||
| 007 | 57972 | ||
| 008 | 891108s1988 sp spa | ||
| 016 | 7 | _2BPMSU | |
| 020 | _a8434586452 | ||
| 040 |
_aBPMSU _bspa _cBPMSU |
||
| 100 | 1 |
_aSinclair, Upton _d1878-1968 |
|
| 240 |
_aThe gnomobile _lEspañol |
||
| 245 | 1 | 3 |
_aEl gnomóvil : _buna gnarrativa gnueva y gnotoria, con gnaderías pero sin gnecedades/ _cUpton Sinclair ; traducción de Emiliano Ramos ; ilustraciones de Enrique Porta |
| 260 | 1 |
_aBarcelona : _bSalvat, _c1988 |
|
| 300 |
_a173 p.; _bil. : _c22 cm. |
||
| 490 | 1 |
_aBiblioteca juvenil _v65 |
|
| 500 | _aTraducción de: The gnomobile | ||
| 700 | 1 |
_aRamos, Emiliano _etrad. |
|
| 700 | 1 |
_aPorta, Enrique _eil. |
|
| 830 | 0 |
_aBiblioteca juvenil (Salvat Editores) _v65 |
|
| 942 |
_2ddc _cBK |
||
| 945 | _aInventariado, 2018/MFF | ||
| 956 |
_aVMATEO _210 _320151120 _6BPMSU _800151 |
||
| 999 |
_c8844 _d8844 |
||